Statistiques concernant Mots de la langue française terminés par "beau"

Cliquez ici pour prendre le quiz!

Statistiques générales

  • Ce quiz a été pris 213 fois
  • Le résultat moyen est 5 sur 10

Statistiques - réponses

IndiceMot% Correct
jolibeau
99%
oiseaucorbeau
76%
morceau arrachélambeau
76%
sépulcretombeau
69%
tabouretescabeau
57%
écrivain (1749-1791)Mirabeaau
53%
poissonbarbeau
38%
lumièreflambeau
34%
féminin d'origine hébraïqueIsabeau
32%
86110Mirebeau
10%

Distribution des résultats

Percentile par nombre de réponses

% des personnes avec chaque résultat

Votre développement - résultats

Vous n’avez pas pris ce quiz